000 00608nam a2200169 i 4500
001 31085
003 ES-MaACL
005 20230906154315.0
007 t|
008 030128q1891 sp ||||1| spa d
100 1 _aBayo y Martínez, Martín.
_926701
245 1 0 _aServicio sanitario en los ejércitos modernos
_b: conferencia pronunciada en el Centro del Ejército y de la Armada de Marines en 1891 /
_cMartín Bayo y Martínez.
260 _a[S.l. :
_bs.n.,
_c1891?]
650 0 4 _aSanidad militar.
_916983
710 2 _aCentro del Ejército y de la Armada (Madrid)
_9137469
852 _aES-MaACL
_jT-543-F-9
999 _c31085
_d31085